000 00323nam a2200121Ia 4500
005 20260328104333.0
008 260328s9999||||xx |||||||||||||| ||und||
100 _aLevitt, David
245 4 _aThe Housing Design HandBook :
_b A Guide to Good Practice /
_cDavid Levitt
300 _a354 p.
650 _aVIVIENDA
942 _cBK
999 _c11781
_d11781